| 000 | 00654nam a22001932 4500 | ||
|---|---|---|---|
| 001 | 0000013196 | ||
| 005 | 20151217155855.0 | ||
| 008 | 090621s xx 000 0 eng d | ||
| 040 |
_aKABU _cKABU |
||
| 110 | 2 |
_aKabarak University Students Organization. _@0000170351 |
|
| 245 | 1 | 4 |
_aThe Third draft constitution of Kabarak University Student Organization (KUSO) / _cKUSO. |
| 250 | _a1st ed. | ||
| 260 |
_aKabarak University : _bKUSO, _c2008. |
||
| 300 | _a41 leaves. | ||
| 610 | 2 | 0 |
_aKabarak Student Organization _xConstitution. _@0000170352 |
| 852 | 1 | _9p100 KES | |
| 908 | _a090621 | ||
| 950 | _@1 | ||
| 999 |
_c13586 _d13586 |
||